000 00343nam a2200145Ia 4500
008 191201s2011 xx 000 0 und d
082 _a658.4038
_bDAM
100 _aDAVIS, Gordon B
245 0 _aManagement Information System
250 _aRep
260 _aN. Delhi
_bTMH
_c2011
300 _a693
650 _aM.Tech (ECE)
942 _2ddc
_cBK
999 _c5027
_d5027